El efecto de las remesas familiares en el bienestar de los hogares guatemaltecos /

Сохранить в:
Библиографические подробности
Главный автор: Pineda Salazar, Sibyl Italia
Формат: Текст
Предметы:
Метки: Добавить метку
Нет меток, Требуется 1-ая метка записи!

MARC

LEADER 00000 a a2200000 04500
001 6950
003
040
100 |a Pineda Salazar, Sibyl Italia  
245 |a El efecto de las remesas familiares en el bienestar de los hogares guatemaltecos /  |c Sibyl Italia Pineda Salazar 
650 |a REMESAS  
650 |a MIGRACION  
650 |a POBREZA  
650 |a GUATEMALA  
650 |a GT  
773 |g volumen 40, número 80; páginas 7-22  
999 |c 37445  |d 37445